| 000 | 00524pam a2200145 a 4500 | ||
|---|---|---|---|
| 020 | _a0444864490 | ||
| 040 | _cDLC | ||
| 082 | 0 | 0 | _a511 NOR 1982 A027 Or. |
| 245 | 1 | 0 |
_aGraph theory : _bproceedings of the Conference on Graph Theory, Cambridge / |
| 260 |
_aAmsterdam ; _aNew York : _bNorth-Holland Pub. Co. ; _aNew York, N.Y. : _bSole distributors for the U.S.A. and Canada, Elsevier Science Pub. Co., _c1982. |
||
| 300 |
_aviii, 201 p. : _bill. ; _c23 cm. |
||
| 650 | 0 | _aGraph theory | |
| 700 | 1 | _aBollobás, Béla. | |
| 942 | _cEK | ||
| 999 |
_c13388 _d13388 |
||